[Event "It (open)"]
[Site "masterchessopen.com – Creon (France)"]
[Date "2011.08.06"]
[Round "8"]
[White "Marty Brice (FRA)"]
[Black "Marciniak Alexandre (FRA)"]
[Result "0-1"]
[WhiteElo "2004"]
[BlackElo "2203"]

1.d4 e6 2.c4 Nf6 3.Nc3 Bb4 4.f3 O-O 5.e4 d5 6.cxd5 exd5 7.e5 Nfd7 8.a3 Ba5
9.b4 Bb6 10.Bf4 f6 11.Nxd5 fxe5 12.Nxb6 axb6 13.Bxe5 Nxe5 14.dxe5 Qe7 15.Bd3
Rxa3 16.Bxh7+ Kxh7 17.Qb1+ Bf5 {#R} 0-1

[Event "Ch Spain (team) (2 div) (gr.1)"]
[Site "masterchessopen.com – Padrun (Spain)"]
[Date "2011.08.10"]
[Round "1"]
[White "Patino Romaris Juan Roberto (ESP)"]
[Black "Glavina Pablo (ARG)"]
[Result "0-1"]
[WhiteElo "2182"]
[BlackElo "2468"]

1.d4 Nf6 2.c4 e6 3.Nc3 Bb4 4.f3 O-O 5.e4 d5 6.e5 Nfd7 7.f4 c5 8.cxd5 exd5
9.Be3 Nc6 10.Nf3 cxd4 11.Bxd4 Nc5 12.Bxc5 Bxc5 13.Qxd5 Qb6 14.O-O-O Be3+
15.Nd2 Bg4 16.Be2 Rfd8 17.Qb5 Qxb5 18.Bxb5 Bxd1 19.Rxd1 Rxd2 20.Rxd2 Rd8
21.Ne4 Bxf4 22.Kd1 Bxd2 23.Nxd2 Nxe5 {#R} 0-1

[Event "Memorial M.Botvinnik (open)"]
[Site "masterchessopen.com – St. Petersburg (Russia)"]
[Date "2011.08.14"]
[Round "3"]
[White "Kornyukov Alexey (RUS)"]
[Black "Khismatullin Denis (RUS)"]
[Result "0-1"]
[WhiteElo "2483"]
[BlackElo "2635"]

1.d4 Nf6 2.c4 e6 3.Nc3 Bb4 4.f3 c5 5.d5 b5 6.e4 O-O 7.e5 Ne8 8.f4 d6 9.Nf3
exd5 10.Qxd5 Qc7 11.Bd2 Bxc3 12.Bxc3 Bb7 13.Qd3 b4 14.Ng5 g6 15.Qh3 f6 16.Qe6+
Kh8 17.exf6 bxc3 18.f7 cxb2 19.Rb1 Qa5+ 20.Kd1 Qa4+ 21.Kd2 Qb4+ 22.Kc2 Nc6
23.Qh3 Nd4+ 24.Kd1 Nf6 {#R} 0-1

[Event "It \"]
[Site "masterchessopen.com – Buenos Aires (Argentina)"]
[Date "2011.09.12"]
[Round "1"]
[White "Barrionuevo Pablo (ARG)"]
[Black "Sammartino Gabriel (ARG)"]
[Result "1-0"]
[WhiteElo "2314"]
[BlackElo "1914"]

1.d4 e6 2.c4 Nf6 3.Nc3 Bb4 4.f3 d5 5.a3 Bxc3+ 6.bxc3 h6 7.cxd5 exd5 8.e3 O-O
9.Bd3 Re8 10.Ne2 Nbd7 11.O-O Nf8 12.Ng3 N8h7 13.e4 dxe4 14.fxe4 c5 15.e5 Nd5
16.Qh5 Be6 17.Bxh6 Nxc3 18.Bxh7+ {#r} 1-0

[Event "It (open)"]
[Site "masterchessopen.com – Bad Wiessee (Germany)"]
[Date "2011.10.29"]
[Round "1"]
[White "Volkov Sergey Viktorovich (RUS)"]
[Black "Lechner Marcus (AUT)"]
[Result "1-0"]
[WhiteElo "2614"]
[BlackElo "1966"]

1.d4 Nf6 2.c4 e6 3.Nc3 Bb4 4.f3 d5 5.a3 Bxc3+ 6.bxc3 b6 7.cxd5 exd5 8.e3 O-O
9.Ra2 Nc6 10.Bd3 Bb7 11.Ne2 Na5 12.Ng3 Re8 13.O-O Qc8 14.Re2 Ba6 15.e4 Bc4
16.Bg5 Nd7 17.Nf5 f6 18.Bf4 Qa6 19.Bxc4 Nxc4 20.exd5 Qxa3 21.Rfe1 {#r} 1-0

[Event "Cup Latin (open)"]
[Site "masterchessopen.com – Montevideo (Uruguay)"]
[Date "2011.11.04"]
[Round "5"]
[White "Guerrero Alvaro (URU)"]
[Black "Krysa Leandro (ARG)"]
[Result "0-1"]
[WhiteElo "2223"]
[BlackElo "2396"]

1.d4 Nf6 2.c4 e6 3.Nc3 Bb4 4.f3 c5 5.d5 O-O 6.e4 Re8 7.Kf2 d6 8.Bd3 exd5
9.cxd5 Nbd7 10.Nge2 Ne5 11.Bf4 Qe7 12.Re1 Nh5 13.Bg3 b5 {#R} 0-1

[Event "It (open)"]
[Site "masterchessopen.com – London (England)"]
[Date "2011.12.03"]
[Round "1"]
[White "Amier Hamzah B Mohd Zuhri (MAS)"]
[Black "Murray David (IRL)"]
[Result "1-0"]
[WhiteElo "1745"]
[BlackElo "2133"]

1.d4 Nf6 2.c4 e6 3.Nc3 Bb4 4.f3 b6 5.e4 O-O 6.Bd3 c5 7.d5 Bxc3+ 8.bxc3 d6
9.Ne2 Nbd7 10.O-O Ba6 11.Bf4 Ne5 12.Bxe5 dxe5 13.Qd2 Qd7 14.f4 Qa4 15.fxe5 Nd7
16.Qf4 Bxc4 17.Rf3 Qa6 18.Rg3 Bxd3 19.Qh6 g6 20.Rh3 Rfe8 21.Qxh7+ Kf8 22.d6
{#r} 1-0

[Event "It (open)"]
[Site "masterchessopen.com – Santa Cruz de Tenerife (Spain)"]
[Date "2011.12.18"]
[Round "1"]
[White "Perez Martin Nicanor (ESP)"]
[Black "Gutierrez Olivares Daniel (ESP)"]
[Result "0-1"]
[WhiteElo "1566"]
[BlackElo "2268"]

1.d4 Nf6 2.c4 e6 3.Nc3 Bb4 4.f3 d5 5.a3 Be7 6.cxd5 exd5 7.Bf4 O-O 8.e4 dxe4
9.fxe4 Re8 10.e5 Nd5 11.Nxd5 Qxd5 12.Nf3 Qe4+ {#R} 0-1

[Event "It (open)"]
[Site "masterchessopen.com – Hastings (England)"]
[Date "2012.01.04"]
[Round "8"]
[White "Marusenko Petr (UKR)"]
[Black "Vuilleumier Alex (SUI)"]
[Result "0-1"]
[WhiteElo "2198"]
[BlackElo "2359"]

1.d4 Nf6 2.c4 e6 3.Nc3 Bb4 4.f3 c5 5.d5 d6 6.e4 Bxc3+ 7.bxc3 e5 8.Bd3 h6 9.Be3
Qa5 10.Ne2 Nbd7 11.Qb3 b6 12.Kd2 Kd8 13.g4 Kc7 14.Ng3 Nf8 15.Nh5 Nxh5 16.gxh5
g5 17.hxg6 Nxg6 18.Raf1 Bh3 19.Rf2 Nf4 20.Bxf4 exf4 21.Re1 Rae8 22.Kc1 Bd7
23.Rb2 Re5 {#R} 0-1

[Event "Bundesliga 2011/12"]
[Site "masterchessopen.com – Germany"]
[Date "2012.02.05"]
[Round "9"]
[White "Rau Hannes (GER)"]
[Black "Hoffmann Paul (GER)"]
[Result "0-1"]
[WhiteElo "2464"]
[BlackElo "2317"]

1.d4 Nf6 2.c4 e6 3.Nc3 Bb4 4.f3 c5 5.d5 O-O 6.e4 exd5 7.cxd5 Re8 8.Ne2 Na6
9.a3 Ba5 10.d6 b5 11.Nf4 c4 12.Be3 Bb7 13.Kf2 Bb6 14.Be2 Nc5 15.Nfd5 Bxd5
16.Nxd5 Nd3+ {#R} 0-1

[Event "Ch Valle (juniors) (under 16)"]
[Site "masterchessopen.com – Cali (Colombia)"]
[Date "2012.02.18"]
[Round "7"]
[White "Hernandez Cristian Andres (COL)"]
[Black "Gomez Jhon Naren"]
[Result "1-0"]
[WhiteElo "2109"]
[BlackElo "1546"]

1.d4 Nf6 2.c4 e6 3.Nc3 Bb4 4.f3 d5 5.e3 c5 6.a3 cxd4 7.axb4 dxc3 8.bxc3 O-O
9.c5 b6 10.cxb6 Qxb6 11.Ne2 Bb7 12.Ng3 Nbd7 13.Be2 Rac8 14.Qd4 Qxd4 15.cxd4
Nb6 16.b5 Na4 17.Bd2 Nc3 18.Rxa7 Nxe2 19.Kxe2 Rb8 20.Bb4 Rfc8 21.Bc5 {#r} 1-0

[Event "Memorial I.Bocharov"]
[Site "masterchessopen.com – Borisoglebsk (Russia)"]
[Date "2012.03.30"]
[Round "3"]
[White "Kovalenko Vladimir (UKR)"]
[Black "Peskov Alexsey (UKR)"]
[Result "0-1"]
[WhiteElo "2144"]
[BlackElo "2395"]

1.d4 Nf6 2.c4 e6 3.Nc3 Bb4 4.f3 c5 5.d5 d6 6.Bg5 Bxc3+ 7.bxc3 e5 8.e4 h6 9.Be3
Nbd7 10.Bd3 Nf8 11.Ne2 Ng6 12.Qd2 Nh5 13.O-O Qf6 14.g3 Qe7 15.Rab1 Nf6 16.Rf2
Qd8 17.h4 Ke7 18.Rh2 Nd7 19.Kg2 h5 {#R} 0-1

[Event "Ch Romania (juniors) (under 18) (g)"]
[Site "masterchessopen.com – Calimanesti (Romania)"]
[Date "2012.04.05"]
[Round "7"]
[White "Morea Georgiana-Steluta (ROM)"]
[Black "Anton Roxana-Ana (ROM)"]
[Result "1-0"]
[WhiteElo "1882"]
[BlackElo "1859"]

1.d4 Nf6 2.c4 e6 3.Nc3 Bb4 4.f3 Bxc3+ 5.bxc3 d6 6.e4 Nbd7 7.Bd3 h6 8.Nh3 c5
9.Nf2 e5 10.d5 Nf8 11.O-O Ng6 12.a4 O-O 13.g3 Nh7 14.Ra2 Bd7 15.Kh1 Qe7 16.Ba3
Rad8 17.Rg1 f5 18.exf5 Bxf5 19.Ne4 Bc8 20.Rf2 Qe8 21.Qc2 b6 22.Nxc5 {#r} 1-0

[Event "It \"]
[Site "masterchessopen.com – Golden Sands (Bulgaria)"]
[Date "2012.06.06"]
[Round "3"]
[White "Yakimenko Alexander A (RUS)"]
[Black "Parligras Mircea (ROM)"]
[Result "0-1"]
[WhiteElo "2220"]
[BlackElo "2622"]

1.d4 Nf6 2.c4 e6 3.Nc3 Bb4 4.f3 c5 5.a3 Ba5 6.d5 O-O 7.e4 Re8 8.Ne2 d6 9.Bg5
exd5 10.cxd5 Nbd7 11.Qc2 b5 12.Bd2 a6 13.g3 Ne5 14.Bg2 b4 15.axb4 cxb4 16.Nd1
Bd7 17.Nf2 Bb6 18.Bxb4 Bxf2+ {#R} 0-1

[Event "It \"]
[Site "masterchessopen.com – Olot (Spain)"]
[Date "2012.06.16"]
[Round "8"]
[White "Aymerich Verdaguer Eduard"]
[Black "Caballero Maytin Jesus"]
[Result "1-0"]
[WhiteElo "1840"]
[BlackElo "2073"]

1.d4 Nf6 2.c4 e6 3.Nc3 Bb4 4.f3 d5 5.Bg5 h6 6.Bh4 c5 7.h3 Bxc3+ 8.bxc3 Qa5
9.Qd2 Nbd7 10.e3 dxc4 11.Bxc4 b5 12.Bb3 c4 13.Bc2 Nd5 14.Ne2 O-O 15.O-O Bb7
16.e4 N5f6 17.a4 bxa4 18.Rxa4 Qc7 19.Bg3 Qc6 20.Nf4 Nb6 21.Ra2 Rfd8 22.Qe3 a5
23.Rb2 Ra6 24.Ra2 g5 {#r} 1-0

[Event "It (open) \"]
[Site "masterchessopen.com – Lazy (Poland)"]
[Date "2012.06.30"]
[Round "1"]
[White "Jarmula Lukasz (POL)"]
[Black "Aliavdin Nikolai (BLR)"]
[Result "0-1"]
[WhiteElo "2145"]
[BlackElo "2372"]

1.d4 Nf6 2.c4 e6 3.Nc3 Bb4 4.f3 c5 5.d5 exd5 6.cxd5 Nh5 7.Be3 O-O 8.g4 Nf6
9.Qd2 Re8 10.Bf2 d6 11.O-O-O Bxg4 12.fxg4 Ne4 13.Qf4 Bxc3 14.bxc3 Qa5 15.Be1
Qxa2 16.e3 Nd7 17.Bb5 c4 18.Bxc4 Qxc4 19.Rd4 Qa2 20.Rxe4 Qa1+ 21.Kd2 Qb2+ {#R}
0-1

[Event "Ch Belgium (open)"]
[Site "masterchessopen.com – Lommel (Belgium)"]
[Date "2012.07.07"]
[Round "8"]
[White "De Bock Lennart (BEL)"]
[Black "Hauglustaine Sander"]
[Result "1-0"]
[WhiteElo "2072"]
[BlackElo "1853"]

1.d4 Nf6 2.c4 e6 3.Nc3 Bb4 4.f3 Bxc3+ 5.bxc3 Nh5 6.g3 f5 7.Nh3 O-O 8.Bg2 d6
9.f4 d5 10.cxd5 exd5 11.e4 Nf6 12.e5 Ne4 13.Nf2 b6 14.Nxe4 fxe4 15.O-O Ba6
16.Rf2 Nc6 17.f5 Na5 18.Qg4 Nc4 19.f6 Rf7 20.e6 Rxf6 21.Bg5 Rg6 22.Bxd8 Rf6
23.e7 {#r} 1-0

[Event "Ch Turkey (team)"]
[Site "masterchessopen.com – Konya (Turkey)"]
[Date "2012.07.18"]
[Round "9"]
[White "Erdogan Hakan (TUR)"]
[Black "Coban Menderes (TUR)"]
[Result "1-0"]
[WhiteElo "2260"]
[BlackElo "1925"]

1.d4 e6 2.c4 Bb4+ 3.Nc3 Nf6 4.f3 d5 5.a3 Bxc3+ 6.bxc3 c6 7.e3 Qa5 8.Qd2 O-O
9.Bd3 Qa4 10.cxd5 exd5 11.Ne2 Na6 12.O-O Nc7 13.e4 dxe4 14.fxe4 Ne6 15.Bc2 Qa5
16.Qd3 Qh5 17.e5 Ng4 18.h3 Nh6 {#r} 1-0

[Event "It \"]
[Site "masterchessopen.com – www.chessplanet.ru"]
[Date "2012.08.14"]
[Round "0"]
[White "Timofeev Artyom (RUS)"]
[Black "Zubov Alexander (UKR)"]
[Result "0-1"]
[WhiteElo "2641"]
[BlackElo "2621"]

1.c4 Nf6 2.Nc3 e6 3.d4 Bb4 4.f3 d5 5.a3 Be7 6.e4 c5 7.cxd5 exd5 8.e5 Nfd7
9.dxc5 Nc6 10.b4 a5 11.Rb1 axb4 12.axb4 d4 13.Nb5 Ndxe5 14.Bd3 O-O 15.Ne2 Bh4+
16.Kf1 Nxd3 17.Qxd3 b6 18.Qe4 d3 19.Qxc6 dxe2+ 20.Kxe2 Re8+ 21.Be3 Ra2+ {#R}
0-1

[Event "Ch Germany (juniors) (Internet) (under 18) (qual1)"]
[Site "masterchessopen.com – Internet"]
[Date "2012.09.01"]
[Round "2"]
[White "Kvetny Mark"]
[Black "Oehne Timo"]
[Result "0-1"]
[WhiteElo "2172"]
[BlackElo "1860"]

1.d4 Nf6 2.c4 e6 3.Nc3 Bb4 4.f3 d5 5.a3 Be7 6.e4 dxe4 7.fxe4 e5 8.d5 Ng4 9.b4
Bh4+ 10.g3 Nxh2 11.gxh4 Qxh4+ 12.Kd2 Nxf1+ 13.Qxf1 Qxh1 14.Kc2 Nd7 15.Kb3 Nf6
16.Nb5 O-O 17.Nxc7 Qxe4 18.Nxa8 Bf5 19.Ra2 Qb1+ 20.Rb2 Bc2+ 21.Kc3 Ne4# 0-1

[Event "Tournament (open)"]
[Site "masterchessopen.com – Manaus (Brazil)"]
[Date "2012.09.16"]
[Round "6"]
[White "Lima Darcy (BRA)"]
[Black "Lopes Janio Ribeiro "]
[Result "1-0"]
[WhiteElo "2518"]
[BlackElo "2035"]

1.d4 Nf6 2.c4 e6 3.Nc3 Bb4 4.f3 Bxc3+ 5.bxc3 d5 6.e3 O-O 7.Bd3 c5 8.Ne2 Nc6
9.O-O Re8 10.Rb1 a6 11.Rb2 e5 12.Bb1 b5 13.Ng3 Be6 14.e4 Qb6 15.Kh1 g6 16.dxe5
Nd7 17.f4 Nf8 18.f5 gxf5 19.Qh5 Ne7 20.Qh6 {#r} 1-0

[Event "Ch Serbia (team) (1 liga)"]
[Site "masterchessopen.com – Valjevo (Serbia)"]
[Date "2012.09.24"]
[Round "8"]
[White "Spiric Igor (SRB)"]
[Black "Pikula Dejan (SRB)"]
[Result "0-1"]
[WhiteElo "2268"]
[BlackElo "2489"]

1.d4 Nf6 2.c4 e6 3.Nc3 Bb4 4.f3 c5 5.d5 O-O 6.e4 Re8 7.Nh3 d6 8.Nf2 Nbd7 9.Be2
exd5 10.cxd5 a6 11.O-O Ne5 12.f4 Ng6 13.Bd3 b5 14.a3 Ba5 15.Bc2 Bd7 16.g4 h6
17.e5 Bxc3 18.bxc3 dxe5 19.g5 Nh7 20.Qh5 exf4 21.h4 hxg5 22.hxg5 Nxg5 23.Kh2
Qf6 24.Rg1 Re5 {#R} 0-1